The Walking Dead Cast by Appearences - Statistics

General Stats
  • This quiz has been taken 122 times
  • The average score is 37 of 129
Answer Stats
# of Episodes Answer % Correct
125 Rick Grimes
94%
24 Rick Grimes Jr.
94%
175 Daryl Dixon
85%
114 Carl Grimes
79%
126 Michonne
74%
174 Carol Peletier
67%
144 Maggie Rhee
67%
36 Lori Grimes
65%
87 Glenn Rhee
63%
84 Judith Grimes
60%
18 Merle Dixon
60%
95 Negan Smith
56%
50 Beth Greene
54%
22 Shane Walsh
54%
41 Hershel Greene
50%
116 Aaron
47%
44 Abraham Ford
47%
129 Rosita Espinosa
47%
87 Tara Chambler
46%
4 Ed Peletier
44%
55 Morgan Jones
44%
8 Sophia Peletier
44%
130 Eugene Porter
43%
22 Simon
43%
5 Jim
42%
22 Alpha
40%
21 Beta
39%
37 Dwight
39%
70 Sasha Williams
39%
32 Tyreese Williams
39%
50 Enid
38%
125 Gabriel Stokes
38%
27 Spencer Monroe
38%
3 Otis
36%
35 Andrea Harrison
35%
12 Noah
35%
45 Paul "Jesus" Rovia
35%
21 Philip "The Governor" Blake
35%
55 Connie
33%
14 Deanna Monroe
33%
6 Jacqui
33%
19 Dale Horvath
32%
2 Duane Jones
32%
14 Jessie Anderson
32%
53 Lydia
32%
56 Magna
32%
2 Edwin Jenner
31%
83 Ezekiel Sutton
31%
22 Henry
31%
9 Ron Anderson
31%
10 Sam Anderson
31%
6 Amy Harrison
29%
76 Jerry
29%
15 Pamela Milton
29%
5 Pete Anderson
29%
22 Theodore "T-Dog" Douglas
29%
23 Bob Stookey
28%
3 Lilly Chambler
28%
6 Morales
28%
8 Sebastian Milton
28%
34 Siddiq
28%
3 Aiden Monroe
26%
35 Kelly
26%
55 Alden
25%
4 Gareth
25%
33 Gregory
25%
13 Caesar Martinez
24%
17 Hershel Rhee
24%
17 Luke
24%
4 Reg Monroe
24%
36 Dianne
22%
10 Lizzie Samuels
22%
24 Michael Mercer
22%
7 Oscar
22%
11 Arat
21%
8 Axel
21%
6 Mika Samuels
21%
4 Sherry
21%
8 Gavin
19%
21 Laura
19%
9 Mary
19%
22 Maxine Mercer
19%
8 Nicholas
19%
12 Olivia
19%
24 Anne "Jadis"
18%
4 Benjamin
18%
27 Juanita "Princess" Sanchez
18%
20 Lance Hornsby
18%
28 Tobin
18%
12 Cyndie
17%
11 Earl Sutton
17%
19 Elijah
17%
14 Leah Shaw
17%
1 Lucille Smith
17%
7 Heath
15%
11 Jared
15%
19 Kal
15%
27 Nabila
15%
12 Regina
15%
28 Scott
15%
3 Dawn Lerner
14%
9 Denise Cloyd
14%
4 Pope
14%
5 Richard
14%
8 Annie Smith
13%
7 Dante
13%
2 Eastman
13%
17 Gracie
13%
7 Jules
13%
10 Milton Mamet
13%
5 Owen
13%
5 Virgil
13%
10 Beatrice
11%
6 Tammy Sutton
11%
10 Adam Sutton
10%
7 Harlan Carson
8%
16 Rachel Ward
8%
7 Shira
8%
7 Tomichi Okumura
8%
19 Eirc Raleigh
7%
6 Frost
7%
10 Kathy
7%
13 Marco
7%
4 Agatha
6%
4 Duncan
6%
58 Yumiko Okimura
6%
4 Roman Calhoun
4%
4 Tyler Davis
3%
3 Meghan Chamblr
1%
No matching quizzes found
Score Distribution
Percent of People with Each Score
Percentile by Number Answered
Your Score History
You have not taken this quiz